<?xml version="1.0" encoding="UTF-8"?><?xml-stylesheet type="text/xsl" href="static/style.xsl"?><OAI-PMH xmlns="http://www.openarchives.org/OAI/2.0/" xmlns:xsi="http://www.w3.org/2001/XMLSchema-instance" xsi:schemaLocation="http://www.openarchives.org/OAI/2.0/ http://www.openarchives.org/OAI/2.0/OAI-PMH.xsd"><responseDate>2026-05-01T09:30:40Z</responseDate><request verb="GetRecord" identifier="oai:riubu.ubu.es:10259/4922" metadataPrefix="marc">https://riubu.ubu.es/oai/request</request><GetRecord><record><header><identifier>oai:riubu.ubu.es:10259/4922</identifier><datestamp>2025-12-15T08:29:00Z</datestamp><setSpec>com_10259_3593</setSpec><setSpec>com_10259_5086</setSpec><setSpec>com_10259_2604</setSpec><setSpec>col_10259_3594</setSpec></header><metadata><record xmlns="http://www.loc.gov/MARC21/slim" xmlns:doc="http://www.lyncode.com/xoai" xmlns:xsi="http://www.w3.org/2001/XMLSchema-instance" xmlns:dcterms="http://purl.org/dc/terms/" xsi:schemaLocation="http://www.loc.gov/MARC21/slim http://www.loc.gov/standards/marcxml/schema/MARC21slim.xsd">
<leader>00925njm 22002777a 4500</leader>
<datafield tag="042" ind1=" " ind2=" ">
<subfield code="a">dc</subfield>
</datafield>
<datafield tag="720" ind1=" " ind2=" ">
<subfield code="a">Hernández Ruiz, Raquel</subfield>
<subfield code="e">author</subfield>
</datafield>
<datafield tag="720" ind1=" " ind2=" ">
<subfield code="a">Sanz Díez, Roberto</subfield>
<subfield code="e">author</subfield>
</datafield>
<datafield tag="260" ind1=" " ind2=" ">
<subfield code="c">2018-10</subfield>
</datafield>
<datafield tag="520" ind1=" " ind2=" ">
<subfield code="a">Molybdenum(VI) dichloride dioxide (MoO2Cl2), and its addition complexes [MoO2Cl2(L)n; L = neutral ligand], are commercially or easily available and inexpensive transition-metal complexes based on a non-noble metal that can be applied as catalysts for various organic transformations. This short review aims to present the most significant breakthroughs in this field.</subfield>
</datafield>
<datafield tag="024" ind2=" " ind1="8">
<subfield code="a">0039-7881</subfield>
</datafield>
<datafield tag="024" ind2=" " ind1="8">
<subfield code="a">http://hdl.handle.net/10259/4922</subfield>
</datafield>
<datafield tag="024" ind2=" " ind1="8">
<subfield code="a">10.1055/s-0037-1610236</subfield>
</datafield>
<datafield ind1=" " ind2=" " tag="653">
<subfield code="a">dioxomolybdenum(VI) complexes</subfield>
</datafield>
<datafield ind1=" " ind2=" " tag="653">
<subfield code="a">reduction</subfield>
</datafield>
<datafield ind1=" " ind2=" " tag="653">
<subfield code="a">oxidation</subfield>
</datafield>
<datafield ind1=" " ind2=" " tag="653">
<subfield code="a">deoxygenation</subfield>
</datafield>
<datafield ind1=" " ind2=" " tag="653">
<subfield code="a">Lewis acid</subfield>
</datafield>
<datafield ind1=" " ind2=" " tag="653">
<subfield code="a">nitroaromatics</subfield>
</datafield>
<datafield tag="245" ind1="0" ind2="0">
<subfield code="a">Dichlorodioxomolybdenum(VI) complexes: useful and readily available catalysts in organic synthesis</subfield>
</datafield>
</record></metadata></record></GetRecord></OAI-PMH>